| 000 | 00710nam a2200241 a 4500 | ||
|---|---|---|---|
| 999 |
_c12540 _d12540 |
||
| 001 | 12540 | ||
| 003 | BD-JhCC | ||
| 005 | 20221127134022.0 | ||
| 008 | 220901b2006 enk |||| ||a| 001 0 eng d | ||
| 020 | _a156564428x | ||
| 035 | _a(BD-JhCC)12540 | ||
| 040 |
_aBD-JhCC _dBD-JhCC |
||
| 041 | _aEnglish | ||
| 082 |
_a297.0904 _bALQ 2006 |
||
| 100 | _aAl -Qaradawi, Yusuf | ||
| 245 |
_aIslamic Awakening : _bBetween Rejection and Extremism / _cYusuf Al -Qaradawi, Taha Jabir al-alwani |
||
| 260 |
_aLondon : _bInternational Institute of Islamic Thought ; _c2006. |
||
| 300 |
_a177 p. : _c23 cm |
||
| 650 | _aReligious Life- Islam | ||
| 700 | _aAl-alwani,Taha Jabir | ||
| 942 |
_2ddc _cBK _02 |
||